| 000 | 01413nam a22001577a 4500 | ||
|---|---|---|---|
| 999 |
_c517715 _d517715 |
||
| 008 | 210727b ||||| |||| 00| 0 eng d | ||
| 100 |
_aJamieson, Thomas _928006 |
||
| 245 | _a“Go hard, go early”: Preliminary lessons from New Zealand’s response to Covid-19 | ||
| 260 | _aAmerican Review of Public Administration | ||
| 300 | _a50(6-7), Aug-Oct, 2020: p.598-605 | ||
| 520 | _aAlthough the full impact of the novel coronavirus (COVID-19) pandemic is yet to be realized, New Zealand has suffered comparatively less than other countries, and there were no active cases in the country by June 8, 2020. Building from best practices in emergency management research, several preliminary lessons emerge from the country’s response to the crisis that could be adapted for other settings. In particular, the government acted early and decisively, developed national unity to combat the virus, communicated effectively with the public, and adapted to changing circumstances, especially to address shortcomings in the response. These preliminary lessons provide some guidance in how to effectively respond to the virus through proactive, evidence-based, well-communicated policies. – Reproduced | ||
| 650 |
_aCOVID-19, Emergency management, Public health, Leadership, Communication _925736 |
||
| 773 | _aAmerican Review of Public Administration | ||
| 906 | _aCOVID 19 PANDEMIC - NEW ZEALAND | ||
| 942 | _cAR | ||